000 01067cam a2200301 4500
001 E2014
008 090401t1994 xxu||||| |||| 00| 0 eng d
035 _a(Sirsi) u36981
041 _aeng
050 _a333.0062
100 _aBatts, Margaret
245 _aRICS members accounts regulations 1993 (sound recording)
260 _aLondon
_bRICS
_c1994
300 _a1 sound cassette (60 min)
350 _a0.1
490 _aOwlion Audio Programme
520 _aExplains the requirements and responsibilities in complying with the regulations as they affect all Chartered Surveyors who manage property, collect rents or handle clients` money in any capacity whatsoever.
650 _aABOUT RICS-RICS MEMBERS
650 _aCLIENTS MONEY
650 _aRICS MEMBERS' ACCOUNTS RULES
690 _aMANAGEMENT-BUSINESS MANAGEMENT-PROFESSIONAL PRACTICE
700 _aHolland, Robert
700 _aBond, Ian
710 _aRoyal Institution of Chartered Surveyors
_94900
710 _aCollege of Estate Management
_9400
942 _n0
948 _c04/03/1997
999 _c90416
_d90416